|
|
|
|
| LEADER |
01248nam a2200337 a 4500 |
| 001 |
EBC911950 |
| 003 |
MiAaPQ |
| 005 |
20200520144314.0 |
| 006 |
m o d | |
| 007 |
cr cn||||||||| |
| 008 |
120509s2012 dcuad sb 000 0 eng d |
| 020 |
|
|
|z 9780821394519
|
| 020 |
|
|
|a 9780821395233 (electronic bk.)
|
| 035 |
|
|
|a (MiAaPQ)EBC911950
|
| 035 |
|
|
|a (Au-PeEL)EBL911950
|
| 035 |
|
|
|a (CaPaEBR)ebr10556448
|
| 035 |
|
|
|a (CaONFJC)MIL358186
|
| 035 |
|
|
|a (OCoLC)793166833
|
| 040 |
|
|
|a MiAaPQ
|c MiAaPQ
|d MiAaPQ
|
| 050 |
|
4 |
|a HD9000.4
|b .G56 2012
|
| 245 |
0 |
0 |
|a Global monitoring report 2012
|h [electronic resource] :
|b food prices, nutrition, and the Millennium Development Goals.
|
| 260 |
|
|
|a Washington, D.C. :
|b World Bank,
|c 2012.
|
| 300 |
|
|
|a xv, 169 p. :
|b col. ill.
|
| 504 |
|
|
|a Includes bibliographical references.
|
| 533 |
|
|
|a Electronic reproduction. Ann Arbor, MI : ProQuest, 2015. Available via World Wide Web. Access may be limited to ProQuest affiliated libraries.
|
| 610 |
2 |
0 |
|a Millennium Development Goals.
|
| 650 |
|
0 |
|a Food prices.
|
| 650 |
|
0 |
|a Nutrition.
|
| 655 |
|
4 |
|a Electronic books.
|
| 710 |
2 |
|
|a ProQuest (Firm)
|
| 856 |
4 |
0 |
|u https://ebookcentral.proquest.com/lib/matrademy/detail.action?docID=911950
|z Click to View
|